| 000 | 00985cam a22002295a 4500 | ||
|---|---|---|---|
| 001 | E151136 | ||
| 008 | 110613s2010 xxka 000 0 eng u | ||
| 035 | _a(Sirsi) u153136 | ||
| 041 | 0 | _aeng | |
| 050 | _a690.241 $2 18 | ||
| 110 | 2 |
_aRoyal Institution of Chartered Surveyors _94900 |
|
| 245 | 0 | 0 |
_aRICS awards 2010 _bthe grand final |
| 260 |
_aLondon _bRICS _c2010 |
||
| 300 |
_a67p. _bcol. ill. _c30cm. |
||
| 505 | 2 | _aRegional awards -- Grand final awards 2009 -- Building conservation -- Community benefit -- Regeneration -- Sustainability -- Project of the year | |
| 520 | _aProfiles the winners of the RICS Awards 2010, including Blencow Hall; Scala Cinema and Arts Centre, Prestatyn; Stonebridge Estate Regeneration, Harlesden; New Library, Queen's University, Belfast. The Project of the Year was the Roundhouse Campus for Derby College. | ||
| 521 | _aIntroductory | ||
| 590 | _aKA | ||
| 651 | 4 | _aInternational | |
| 690 | _aABOUT RICS-AWARDS-RICS AWARDS | ||
| 942 | _n0 | ||
| 999 |
_c112391 _d112391 |
||